| 000 | 00732nam a2200181 4500 | ||
|---|---|---|---|
| 999 |
_c7440 _d7440 |
||
| 008 | 170913b xxu||||| |||| 00| 0 eng d | ||
| 022 | _a00014826 | ||
| 082 | _aDPer 657.05 Ac27 May 2016 v. 91, n. 3 | ||
| 100 |
_922549 _aKeune, Marsha B. |
||
| 245 |
_aNon-big 4 local market leadership and its effect on competition/ _cMarsha B. Keune, Brian W. Mayhew and Jaime J. Schmidt. |
||
| 260 |
_aSarasota, Florida: _bAmerican, Accounting Association, _c©2016. |
||
| 300 |
_av91 n3, pages 907-931: _billustrations; _c28 cm. |
||
| 500 | _aThe accounting review. | ||
| 650 | 0 |
_922552 _aLeadership _xMarket competition |
|
| 700 |
_922550 _aMayhew, Brian W. _eAuthor. |
||
| 700 |
_922551 _aSchmidt, Jaime J. _eAuthor. |
||
| 942 |
_2ddc _cPER |
||